Normal view
MARC view
- PANDEY, G. N
Entry Personal Name
001 - CONTROL NUMBER
- control field: 67414
003 - CONTROL NUMBER IDENTIFIER
- control field: NUST
005 - DATE AND TIME OF LATEST TRANSACTION
- control field: 20210628203822.0
008 - FIXED-LENGTH DATA ELEMENTS
- fixed length control field: 210628|| aca||aabn | a|a d
040 ## - CATALOGING SOURCE
- Original cataloging agency: NUST
- Transcribing agency: NUST
100 ## - HEADING--PERSONAL NAME
- Personal name: PANDEY, G. N
670 ## - SOURCE DATA FOUND
- Source citation: Work cat.: (NUST): PANDEY, G. N, A TEXTBOOK ON ENERGY SYSTEMS ENGINEERING, 1994
